A Dictionary of Economics and Commerce (Record no. 2083)

MARC details
005 - DATE AND TIME OF LATEST TRANSACTION
control field 20250507100733.0
020 ## - INTERNATIONAL STANDARD BOOK NUMBER
International Standard Book Number 7121-0402-X
082 ## - DEWEY DECIMAL CLASSIFICATION NUMBER
Classification number LECT 330.3 HAN
100 ## - MAIN ENTRY--PERSONAL NAME
Author name HANSON, J, L.
245 ## - TITLE STATEMENT
Title A Dictionary of Economics and Commerce
250 ## - EDITION STATEMENT
Edition statement 2nd Ed,
260 ## - PUBLICATION, DISTRIBUTION, ETC.
Place of publication, distribution, etc. London,
Name of publisher, distributor, etc. Macdonald & Evance Ltd,
Date of publication, distribution, etc. 1967.
300 ## - PHYSICAL DESCRIPTION
Extent 432p.: ill.; graphs, tables,
Dimensions 22cm.
942 ## - ADDED ENTRY ELEMENTS (KOHA)
Source of classification or shelving scheme Dewey Decimal Classification
Koha item type Books
Holdings
Date last seen Total checkouts Full call number Barcode Cost, replacement price Price effective from Koha item type Lost status Source of classification or shelving scheme Damaged status Not for loan Withdrawn status Home library Current library Shelving location Date acquired Cost, normal purchase price
05/07/2025   LECT 330.3 HAN 0000007974 30000.00 05/07/2025 Books   Dewey Decimal Classification       College of Business Education Main Library College of Business Education Main Library General Collection 05/07/2025 10000.00